Σχεδιασμός, υλοποίηση και αξιολόγηση σχολικών προγραμμάτων περιβαλλοντικής εκπαίδευσης : η περίπτωση των προγραμμάτων στα σχολεία Α/θμιας της πόλης της Ρόδου ; διπλωματική εργασία [μεταπτυχιακή εργασία]

Αποθηκεύτηκε σε:
Λεπτομέρειες βιβλιογραφικής εγγραφής
Κύριος συγγραφέας: Τσιμπερτζοπούλου, Αναστασία
Συγγραφή απο Οργανισμό/Αρχή: Πανεπιστήμιο Αιγαίου Σχολή Ανθρωπιστικών Επιστημών Τμήμα Επιστημών της Προσχολικής Αγωγής και του Εκπαιδευτικού Σχεδιασμού Πρόγραμμα Μεταπτυχιακών Σπουδών Περιβαλλοντική Εκπαίδευση
Μορφή: Thesis Βιβλίο
Γλώσσα:Greek
Δημοσίευση: 2017.
Θέματα:
Διαθέσιμο Online:http://hdl.handle.net/11610/17573
Ετικέτες: Προσθήκη ετικέτας
Δεν υπάρχουν, Καταχωρήστε ετικέτα πρώτοι!

MARC

LEADER 00000cam a2200000 a 4500
001 1/115339
008 171020s2017####gr | ||| |||| ||gre||
040 |a GR-MyUa  |b gre  |c GR-MyUa  |e AACR2 
041 0 |a gre 
082 7 |a 372.357   |2 (23) 
100 1 |a Τσιμπερτζοπούλου, Αναστασία. 
245 1 0 |a Σχεδιασμός, υλοποίηση και αξιολόγηση σχολικών προγραμμάτων περιβαλλοντικής εκπαίδευσης :   |b η περίπτωση των προγραμμάτων στα σχολεία Α/θμιας της πόλης της Ρόδου ; διπλωματική εργασία [μεταπτυχιακή εργασία] /   |c Τσιμπερτζοπούλου Αναστασία ; επιβλέπων καθηγητής: Ανδρεαδάκης Νικόλαος.  
260 |c 2017.  
300 |a 97 σ. :   |b πίν., διαγρ. ;   |c 30 εκ.  
500 |a Υπάρχει ψηφιακό αντίγραφο.  
500 |a Μέλη εξεταστικής επιτροπής: Παπαβασιλείου Βασίλειος, Ξανθάκου Ποτίτσα.  
502 |a Διατριβή (μεταπτυχιακή) – Πανεπιστήμιο Αιγαίου, Ρόδος, 2017. 
504 |a Βιβλιογραφία: σ. 85-90.  
506 1 |a Πλήρες κείμενο - Ενδοπανεπιστημιακή δημοσίευση.  
650 0 |a Education, Primary. 
650 0 |a Environmental education  |z Greece  |z Rhodes. 
650 0 |a Environmental education  |x Case studies. 
650 0 |a Environmental education  |x Activity programs. 
650 0 |a Environmental education  |x Study and teaching (Primary) 
700 1 |a Ανδρεαδάκης, Νίκος Σ.  |e dgs 
710 2 |a Πανεπιστήμιο Αιγαίου  |b Σχολή Ανθρωπιστικών Επιστημών  |b Τμήμα Επιστημών της Προσχολικής Αγωγής και του Εκπαιδευτικού Σχεδιασμού  |b Πρόγραμμα Μεταπτυχιακών Σπουδών Περιβαλλοντική Εκπαίδευση. 
852 |a INST  |b RHODES  |c DIATR  |e 20171020  |h 372.357 ΤΣΙ  |p 005400039624  |q 005400039624  |t MTXE  |y 23 
856 |u http://hdl.handle.net/11610/17573 
924 |a Τσιμπερτζοπούλου   |b Αναστασία   |y Ρόδος  |z 2017-06  
970 |z 20-10-2017